Diccionario de historia moderna / (Record no. 113989)

MARC details
000 -LEADER
campo de control de longitud fija 00906nam a2200241 i 4500
001 - NÚMERO DE CONTROL
campo de control 113989
003 - IDENTIFICADOR DE NÚMERO DE CONTROL
campo de control ES-MaACL
005 - FECHA Y HORA DE LA ÚLTIMA TRANSACCIÓN
campo de control 20250910213838.0
007 - CAMPO FIJO DE DESCRIPCIÓN FÍSICA--INFORMACIÓN GENERAL
campo de control de longitud fija t|
008 - DATOS DE LONGITUD FIJA--INFORMACIÓN GENERAL
campo de control de longitud fija 061121s1971 sp r ||||1| spa d
100 1# - ENTRADA PRINCIPAL--NOMBRE DE PERSONA
Nombre de persona Palmer, Alan Warwick.
9 (RLIN) 88628
245 10 - MENCIÓN DEL TÍTULO
Título Diccionario de historia moderna /
Mención de responsabilidad, etc. A. W. Palmer ; traducción de Ana M. Mayench ; revisión y adaptación de Vicente Martínez Santos ; prólogo de Juan Reglá.
260 ## - PUBLICACIÓN, DISTRIBUCIÓN, ETC.
Lugar de publicación, distribución, etc. Barcelona :
Nombre del editor, distribuidor, etc. Labor,
Fecha de publicación, distribución, etc. 1971.
300 ## - DESCRIPCIÓN FÍSICA
Extensión 279 p. ;
Dimensiones 20 cm.
490 1# - MENCIÓN DE SERIE
Mención de serie Diccionarios de la nueva colección labor
650 #4 - PUNTO DE ACCESO ADICIONAL DE MATERIA--TÉRMINO DE MATERIA
Término de materia o nombre geográfico como elemento de entrada Historia contemporánea-
Subdivisión de forma Diccionarios.
9 (RLIN) 165951
700 1# - ENTRADA AGREGADA--NOMBRE PERSONAL
Nombre de persona Mayench, Ana M.
9 (RLIN) 79339
700 1# - ENTRADA AGREGADA--NOMBRE PERSONAL
Nombre de persona Martínez Santos, Vicente.
9 (RLIN) 78412
700 1# - ENTRADA AGREGADA--NOMBRE PERSONAL
Nombre de persona Reglá, Juan,
Fechas asociadas al nombre 1917-1973
9 (RLIN) 95897
830 00 - PUNTO DE ACCESO ADICIONAL DE SERIE-TÍTULO UNIFORME
Título uniforme Diccionarios de la nueva Colección Labor
9 (RLIN) 182671
852 ## - LOCALIZACIÓN
Ubicación ES-MaACL
Número de control de estantería L-5519
Sublocalización o colección R.78579
Holdings
Estatus retirado Estado de pérdida Estado de daño No para préstamo Colección Biblioteca de origen Biblioteca actual Ubicación en estantería Fecha de adquisición Fuente de adquisición Total de préstamos Signatura topográfica completa Código de barras Visto por última vez Precio de reemplazo Tipo de ítem Koha
        Colección de referencia Biblioteca del Ateneo de Madrid Biblioteca del Ateneo de Madrid Depósito 2 17/01/2008     L-5519 1118878 23/02/2023 23/02/2023 Libro impreso